[Event "COL-ch Students"]
[Site "Popayan"]
[Date "2024.05.04"]
[Round "7"]
[White "Chamorro Cuaical, Ivan Andres"]
[Black "Cardona, Jacobo"]
[Result "0-1"]
[WhiteElo "1881"]
[BlackElo "1729"]
[PlyCount "72"]
[EventDate "2024.05.02"]
[EventType "swiss"]
[EventRounds "7"]
[EventCountry "COL"]
[SourceTitle "CB20_2024"]
[SourceDate "2024.05.16"]
[SourceVersion "1"]
[SourceVersionDate "2024.05.16"]
[SourceQuality "1"]

1. e4 c5 2. Nf3 Nc6 3. c3 Nf6 4. d3 e6 5. g3 Be7 6. Bg2 d5 7. Qc2 0-0 8. 0-0 b6 9. Be3 Bb7 10. Re1 Rc8 11. a3 d4 12. Bd2 dxc3 13. Bxc3 Nd4 14. Bxd4 cxd4 15. Qb3 Nd7 16. Qd1 Nc5 17. b4 Na6 18. Nbd2 Nc7 19. Nb3 Nb5 20. Qd2 Qd6 21. Rec1 e5 22. Rc4 Rxc4 23. dxc4 Nc3 24. Nxe5 Qxe5 25. f4 Qd6 26. e5 Qc7 27. Qxd4 Bxg2 28. Kxg2 Qc6+ 29. Kf2 Ne4+ 30. Ke3 Nf6 31. exf6 Bxf6 32. Qd3 Re8+ 33. Kf2 Rd8 34. Qf1 Bxa1 35. Nxa1 Qe4 36. Qe2 Qd4+ 0-1

[Event "COL-ch Students"]
[Site "Popayan"]
[Date "2024.05.03"]
[Round "5"]
[White "Vallejo, Flavieth"]
[Black "Cardona, Jacobo"]
[Result "1-0"]
[WhiteElo "1722"]
[BlackElo "1729"]
[PlyCount "69"]
[EventDate "2024.05.02"]
[EventType "swiss"]
[EventRounds "7"]
[EventCountry "COL"]
[SourceTitle "CB20_2024"]
[SourceDate "2024.05.16"]
[SourceVersion "1"]
[SourceVersionDate "2024.05.16"]
[SourceQuality "1"]

1. e4 e5 2. Nf3 Nc6 3. Bc4 Bc5 4. c3 Nf6 5. d3 0-0 6. 0-0 d5 7. exd5 Nxd5 8. h3 Nb6 9. Bb3 Bf5 10. Nxe5 Nxe5 11. d4 Bd6 12. dxe5 Bxe5 13. Qf3 Qf6 14. Bf4 Rad8 15. Na3 Rd3 16. Be3 Qg6 17. Bc2 Rxe3 18. Qxe3 Bd6 19. Bxf5 Qxf5 20. Rad1 Nd5 21. Qd3 Qe5 22. g3 Nf6 23. Nc4 Qh5 24. Nxd6 cxd6 25. Kg2 d5 26. Qf3 Qg6 27. c4 dxc4 28. Qxb7 Ne4 29. Rfe1 f5 30. Qd5+ Kh8 31. Qxc4 Qh5 32. Rd5 Ng5 33. Qf4 Qxh3+ 34. Kg1 Qh5 35. Rxf5 1-0

[Event "Palmira op-B"]
[Site "Palmira"]
[Date "2022.12.16"]
[Round "4"]
[White "Cardona, Jacobo"]
[Black "Moreno Castillo, Juan Sebastian"]
[Result "1-0"]
[WhiteElo "1471"]
[BlackElo "1512"]
[PlyCount "43"]
[EventDate "2022.12.14"]
[EventType "swiss"]
[EventRounds "8"]
[EventCountry "COL"]
[SourceTitle "CBM 211 Extra"]
[Source "ChessBase"]
[SourceDate "2023.01.31"]
[SourceVersion "1"]
[SourceVersionDate "2023.01.31"]
[SourceQuality "1"]

1. e4 e5 2. Nf3 Nc6 3. Bb5 Nf6 4. d3 Bd6 5. c3 a6 6. Ba4 b5 7. Bc2 0-0 8. 0-0 b4 9. Nbd2 a5 10. Nc4 Qe7 11. Re1 h6 12. d4 Ba6 13. Ne3 Qd8 14. Nf5 Be7 15. d5 Nb8 16. Nxe5 Bd6 17. Ng4 Nxg4 18. Qxg4 Qg5 19. Bxg5 hxg5 20. Qxg5 Be5 21. Ne7+ Kh7 22. Qh5# 1-0

[Event "Antioquia op"]
[Site "Antioquia"]
[Date "2020.03.03"]
[Round "1"]
[White "Cardoso Cardoso, Jose Gabriel"]
[Black "Cardona, Jacobo"]
[Result "1-0"]
[WhiteElo "2392"]
[BlackElo "1409"]
[PlyCount "67"]
[EventDate "2020.03.03"]
[EventType "swiss"]
[EventRounds "9"]
[EventCountry "COL"]
[SourceTitle "CBM 195 Extra"]
[Source "ChessBase"]
[SourceDate "2020.05.31"]
[SourceVersion "1"]
[SourceVersionDate "2020.05.31"]
[SourceQuality "1"]

1. d4 d5 2. c4 e6 3. Nc3 c5 4. cxd5 exd5 5. Nf3 Nc6 6. g3 Nf6 7. Bg2 Be7 8. 0-0 0-0 9. dxc5 Bxc5 10. Na4 Bd6 11. Be3 Ne4 12. Qxd5 Qe7 13. Nd4 Nf6 14. Nxc6 bxc6 15. Qxc6 Bd7 16. Qa6 Rab8 17. Rfd1 Bxa4 18. Qxa4 Rxb2 19. Qxa7 Qxa7 20. Bxa7 Be5 21. Bd4 Rxe2 22. Bf3 Bxd4 23. Rxd4 Re5 24. a4 Ra5 25. Rb1 g6 26. Rb5 Rxb5 27. axb5 Rb8 28. Bc6 Kf8 29. Kf1 Ne8 30. Rd7 Nf6 31. Ra7 Ng4 32. f4 Nxh2+ 33. Ke2 Ng4 34. Kd3 1-0

[Event "COL pre olympic sf2"]
[Site "Palmira"]
[Date "2019.06.02"]
[Round "8"]
[White "Cardona, Jacobo"]
[Black "Yepes Bermudez, Maribel"]
[Result "1-0"]
[WhiteElo "1494"]
[BlackElo "1336"]
[PlyCount "45"]
[EventDate "2019.05.29"]
[EventType "swiss"]
[EventRounds "10"]
[EventCountry "COL"]
[SourceTitle "CBM 190 Extra"]
[Source "ChessBase"]
[SourceDate "2019.07.15"]
[SourceVersion "1"]
[SourceVersionDate "2019.07.15"]
[SourceQuality "1"]

1. e4 d5 2. exd5 Qxd5 3. Nc3 Qa5 4. d4 Nf6 5. Nf3 Bf5 6. Bd3 Bg6 7. 0-0 e6 8. Bd2 c6 9. Ne4 Qd8 10. Nxf6+ gxf6 11. Bf4 Nd7 12. Qd2 h6 13. Rfe1 Bh5 14. Re3 Bg7 15. Rae1 Qe7 16. Bc4 0-0-0 17. Qa5 e5 18. dxe5 fxe5 19. Nxe5 Nxe5 20. Bxe5 Bxe5 21. Rxe5 Qxe5 22. Rxe5 Rd1+ 23. Bf1 1-0

[Event "COL-chT Interligas"]
[Site "Palmira"]
[Date "2019.04.29"]
[Round "6.4"]
[White "Cardona, Jacobo"]
[Black "Pantoja, Armando Ramiro"]
[Result "0-1"]
[WhiteElo "1480"]
[BlackElo "1837"]
[PlyCount "88"]
[EventDate "2019.04.27"]
[EventType "team-swiss"]
[EventRounds "6"]
[EventCountry "COL"]
[SourceTitle "CBM 190 Extra"]
[Source "ChessBase"]
[SourceDate "2019.07.15"]
[SourceVersion "1"]
[SourceVersionDate "2019.07.15"]
[SourceQuality "1"]
[WhiteTeam "Valle Carlos Cuartas IV"]
[BlackTeam "Narino"]
[WhiteTeamCountry "COL"]
[BlackTeamCountry "COL"]

1. e4 e5 2. Nf3 Nc6 3. Bb5 a6 4. Ba4 Nf6 5. 0-0 Be7 6. d3 b5 7. Bb3 0-0 8. Nbd2 d6 9. c3 Na5 10. Bc2 c5 11. Re1 Qc7 12. Nf1 Bd7 13. Ne3 Rfd8 14. a4 Bf8 15. h3 g6 16. Kh2 Bg7 17. Rh1 d5 18. Qe2 dxe4 19. dxe4 Bc6 20. Nf1 bxa4 21. Ng3 Bb5 22. Qe1 Nb3 23. Ra3 Nxc1 24. Qxc1 Nd7 25. Qg5 Nb6 26. Raa1 f6 27. Qg4 Bd7 28. Qh4 Be8 29. Rhd1 Qe7 30. Ne2 Bb5 31. Ng3 Rxd1 32. Bxd1 Rd8 33. Be2 Bxe2 34. Nxe2 Qd7 35. Qg4 Qxg4 36. hxg4 Bf8 37. g5 Kf7 38. gxf6 Kxf6 39. b3 axb3 40. Rxa6 Rd6 41. c4 Nxc4 42. Rxd6+ Nxd6 43. Nd2 c4 44. Nc3 Bh6 0-1